|
|
|
|
| LEADER |
00875nam a22002292a 4500 |
| 001 |
000753431 |
| 003 |
CZ BrMZK |
| 005 |
20120215112954.0 |
| 007 |
ta |
| 008 |
041203s1915 xr er|||||||||||cze d |
| 015 |
|
|
|a cnb000634493
|
| 040 |
|
|
|a BOA001
|b cze
|
| 100 |
1 |
|
|a Tisovský, T. E.
|q (Tobiáš Eliáš),
|d 1863-1939
|7 jk01132505
|4 aut
|
| 245 |
1 |
0 |
|a Podivuhodná cesta nezbedy Petra s divokými husami /
|c T.E. Tisovský
|
| 250 |
|
|
|a 2. vyd.
|
| 260 |
|
|
|a Praha :
|b Zemský ústřední spolek jednot učitelských v Království českém,
|c 1915
|
| 300 |
|
|
|a 159 s.
|
| 490 |
1 |
|
|a Knihovna českých dětí ;
|v sv. 10
|
| 830 |
|
0 |
|a Knihovna českých dětí (Zemský ústřední spolek jednot učitelských v Království českém);
|
| 910 |
|
|
|a BOA001
|b PK-0047.144
|
| 990 |
|
|
|a BK
|
| 996 |
6 |
|
|b 3119678929
|c PK-0047.144
|l MZK
|r Sklad / do 1 hodiny
|n 3
|w 000753431
|u 000010
|a 1
|e BOA001
|j MZK50
|s P
|